000 00307 a2200121 4500
001 76694
082 _a305.800954 RAJ
090 _c39213
_d39213
100 _aRaja Javed Ali Butti
245 _aJis Dais Main Gangha Behti hay
_hUrdu
260 _aIslamabad
_bLeaf Publications
_c2010
300 _a456p
942 _aCAE NUST
_k305.800954 RAJ
999 _c311767
_d311767